[Event "FRA-chT Top 16 Gp Basse"]
[Site "Chartres"]
[Date "2022.06.18"]
[Round "3.3"]
[White "Gennesseaux, Gabrielle"]
[Black "Schippke, Manon"]
[Result "0-1"]
[WhiteElo "1794"]
[BlackElo "2120"]
[PlyCount "74"]
[EventDate "2022.06.16"]
[EventType "team-tourn"]
[EventRounds "4"]
[EventCountry "FRA"]
[SourceTitle "CBM 208 Extra"]
[Source "ChessBase"]
[SourceDate "2022.07.31"]
[SourceVersion "1"]
[SourceVersionDate "2022.07.31"]
[SourceQuality "1"]
[WhiteTeam "Agen"]
[BlackTeam "Metz Fischer"]
[WhiteTeamCountry "FRA"]
[BlackTeamCountry "FRA"]

1. e4 c5 2. Nf3 d6 3. Bb5+ Nc6 4. 0-0 Bd7 5. Re1 a6 6. Bf1 Bg4 7. c3 e5 8. h3 Bh5 9. d3 Be7 10. Nbd2 Nf6 11. Nc4 0-0 12. Ne3 Re8 13. Nf5 Bf8 14. Bg5 h6 15. Bh4 b5 16. g4 Bg6 17. Bg2 Bxf5 18. exf5 Rc8 19. a4 d5 20. axb5 axb5 21. Nd2 c4 22. dxc4 bxc4 23. Ra6 e4 24. Nf1 Ne5 25. Bg3 Nd3 26. Re2 Nd7 27. Ne3 N7c5 28. Ra2 Bd6 29. Bxd6 Qxd6 30. Nc2 Nb3 31. Re3 Ra8 32. Rxa8 Rxa8 33. Rxd3 exd3 34. Na3 Re8 35. Bf3 Qf4 36. Bxd5 Re2 37. Qf1 Nd2 0-1

[Event "FRA-chT Top 16 GpB"]
[Site "Chartres"]
[Date "2022.06.12"]
[Round "4.4"]
[White "Monpeurt, Cyrielle"]
[Black "Gennesseaux, Gabrielle"]
[Result "1/2-1/2"]
[WhiteElo "2172"]
[BlackElo "1794"]
[PlyCount "98"]
[EventDate "2022.06.09"]
[EventType "team-tourn"]
[EventRounds "7"]
[EventCountry "FRA"]
[SourceTitle "CBM 208 Extra"]
[Source "ChessBase"]
[SourceDate "2022.07.31"]
[SourceVersion "1"]
[SourceVersionDate "2022.07.31"]
[SourceQuality "1"]
[WhiteTeam "St Quentin"]
[BlackTeam "Agen"]
[WhiteTeamCountry "FRA"]
[BlackTeamCountry "FRA"]

1. e4 e6 2. d4 d5 3. Bd3 dxe4 4. Bxe4 Nf6 5. Bf3 Be7 6. Ne2 0-0 7. 0-0 Nbd7 8. Nbc3 c6 9. Re1 e5 10. Ng3 exd4 11. Qxd4 Bc5 12. Qh4 Re8 13. Bf4 Nf8 14. Rxe8 Qxe8 15. Nge4 Nxe4 16. Nxe4 Ng6 17. Qg3 Be7 18. Nd6 Qf8 19. Nxc8 Rxc8 20. Be3 Bd6 21. Qg5 a6 22. Rd1 Re8 23. Qa5 Qe7 24. Qd2 Bc7 25. b3 Ne5 26. Be2 Rd8 27. Qc1 Rxd1+ 28. Qxd1 h6 29. Qd4 Nd7 30. Qg4 Nf6 31. Qc8+ Ne8 32. g3 Bd6 33. Bg4 Kh7 34. Bf5+ g6 35. Bd3 Nf6 36. Qh3 h5 37. Qh4 Nd5 38. Bg5 Qe1+ 39. Kg2 Kg7 40. Qd4+ Qe5 41. Qxe5+ Bxe5 42. c4 Nc7 43. Be3 Ne6 44. f4 Bd6 45. Kf3 f5 46. Ke2 Kf6 47. Kf3 Ke7 48. h3 a5 49. Bb1 Kf6 1/2-1/2

[Event "FRA-chT Top 12"]
[Site "Chalons en Champagne"]
[Date "2021.07.03"]
[Round "10.6"]
[White "Gennesseaux, Gabrielle"]
[Black "Abbassi, Zeyneb"]
[Result "0-1"]
[WhiteElo "1799"]
[BlackElo "1924"]
[PlyCount "76"]
[EventDate "2021.06.24"]
[EventType "team-tourn"]
[EventRounds "11"]
[EventCountry "FRA"]
[SourceTitle "CBM 203 Extra"]
[Source "ChessBase"]
[SourceDate "2021.09.30"]
[SourceVersion "1"]
[SourceVersionDate "2021.09.30"]
[SourceQuality "1"]
[WhiteTeam "Agenais Echiquier"]
[BlackTeam "Chartres"]
[WhiteTeamCountry "FRA"]
[BlackTeamCountry "FRA"]

1. e4 e6 2. d4 d5 3. exd5 exd5 4. Nf3 Bd6 5. c4 Nf6 6. c5 Be7 7. Bd3 b6 8. cxb6 axb6 9. 0-0 0-0 10. Bg5 Bg4 11. Nbd2 c5 12. Qc2 h6 13. Bh4 Nc6 14. a3 Rc8 15. dxc5 bxc5 16. Rfe1 Be6 17. Bf5 Qd7 18. Bxe6 fxe6 19. Rad1 Bd6 20. Bg3 Rce8 21. Bxd6 Qxd6 22. Nc4 Qc7 23. Nce5 Nxe5 24. Nxe5 Ne4 25. Ng4 h5 26. f3 Ng5 27. Ne5 h4 28. Qg6 Nh7 29. Ng4 Qd7 30. Qh5 Rf5 31. Qxh4 Ref8 32. Ne5 Qd6 33. Ng4 e5 34. Qg3 Re8 35. Ne3 Rg5 36. Rxd5 Qc6 37. Qf2 Nf6 38. Rd2 e4 0-1

[Event "FRA-chT Top 12"]
[Site "Chalons en Champagne"]
[Date "2021.06.24"]
[Round "1.6"]
[White "Maisuradze, Nino"]
[Black "Gennesseaux, Gabrielle"]
[Result "1-0"]
[WhiteElo "2251"]
[BlackElo "1799"]
[PlyCount "35"]
[EventDate "2021.06.24"]
[EventType "team-tourn"]
[EventRounds "11"]
[EventCountry "FRA"]
[SourceTitle "CBM 203 Extra"]
[Source "ChessBase"]
[SourceDate "2021.09.30"]
[SourceVersion "1"]
[SourceVersionDate "2021.09.30"]
[SourceQuality "1"]
[WhiteTeam "Bischwiller"]
[BlackTeam "Agenais Echiquier"]
[WhiteTeamCountry "FRA"]
[BlackTeamCountry "FRA"]

1. Nf3 e6 2. g3 Nf6 3. Bg2 d5 4. 0-0 c5 5. d3 Nc6 6. Nbd2 Be7 7. e4 0-0 8. Re1 dxe4 9. dxe4 e5 10. c3 Qc7 11. Nf1 Rd8 12. Qc2 b6 13. Ne3 Ba6 14. Nd5 Nxd5 15. exd5 Rxd5 16. Nd4 exd4 17. Bxd5 Bf6 18. Qe4 1-0

[Event "FRA-ch U20 Girls"]
[Site "Montbeliard"]
[Date "2014.04.25"]
[Round "7"]
[White "Afraoui, Solenn"]
[Black "Gennesseaux, Gabrielle"]
[Result "1-0"]
[WhiteElo "2012"]
[BlackElo "1799"]
[PlyCount "75"]
[EventDate "2014.04.20"]
[EventType "swiss"]
[EventRounds "9"]
[EventCountry "FRA"]
[SourceTitle "CBM 160 Extra"]
[Source "ChessBase"]
[SourceDate "2014.07.01"]
[SourceVersion "1"]
[SourceVersionDate "2014.07.01"]
[SourceQuality "1"]

1. e4 e5 2. Nf3 Nc6 3. Bc4 g6 4. d3 Bg7 5. Nc3 Nge7 6. a3 0-0 7. Bg5 h6 8. Be3 d6 9. h3 Kh7 10. d4 exd4 11. Nxd4 f5 12. Nxc6 Nxc6 13. exf5 Bxf5 14. Qd2 a6 15. 0-0-0 Ne5 16. Bb3 b5 17. f4 Nc4 18. Bxc4 bxc4 19. Bd4 Be6 20. Bxg7 Kxg7 21. g4 Kh7 22. Rde1 Bd7 23. Qd4 Bc6 24. Rhf1 Rb8 25. f5 Qg5+ 26. Kb1 gxf5 27. gxf5 Rbe8 28. Qxc4 Rxe1+ 29. Rxe1 Be8 30. Qxc7+ Bf7 31. Qxd6 Qxf5 32. Qd3 Qxd3 33. cxd3 Bg6 34. Re3 Rf2 35. Ne4 Rf1+ 36. Kc2 Rf7 37. Kd2 Rd7 38. Nf6+ 1-0

[Event "Avoine op 28th"]
[Site "Avoine"]
[Date "2013.07.26"]
[Round "7"]
[White "Gennesseaux, Gabrielle"]
[Black "Batteux, Mickael"]
[Result "0-1"]
[WhiteElo "1805"]
[BlackElo "2095"]
[PlyCount "74"]
[EventDate "2013.07.20"]
[EventType "swiss"]
[EventRounds "9"]
[EventCountry "FRA"]
[SourceTitle "CBM 155 Extra"]
[Source "ChessBase"]
[SourceDate "2013.08.26"]
[SourceVersion "1"]
[SourceVersionDate "2013.08.26"]
[SourceQuality "1"]

1. e4 Nf6 2. e5 Nd5 3. d4 d6 4. Nf3 g6 5. Bc4 Nb6 6. Bb3 Bg7 7. 0-0 d5 8. h3 0-0 9. Re1 a5 10. c3 Na6 11. Bg5 c5 12. Bc2 h6 13. Bf4 Be6 14. Nbd2 Rc8 15. Nf1 Qd7 16. N1h2 Nc4 17. Qc1 Kh7 18. h4 Bf5 19. Qb1 Bxc2 20. Qxc2 cxd4 21. Nxd4 Nc5 22. f3 Ne6 23. Nxe6 Qxe6 24. Qe2 Qb6+ 25. Kh1 Qxb2 26. Qd3 Qb5 27. Rab1 Qc6 28. Ng4 a4 29. h5 Na3 30. Rbc1 Qc4 31. Qd2 gxh5 32. Nf2 Rc6 33. Nd3 Rg6 34. Nb4 e6 35. Bh2 Qh4 36. Re2 Nc4 37. Qc2 Bxe5 0-1

[Event "FRA-chT1A 1112"]
[Site "France"]
[Date "2011.12.10"]
[Round "4.8"]
[White "Bonvalot, Isabelle"]
[Black "Gennesseaux, Gabrielle"]
[Result "1-0"]
[WhiteElo "1901"]
[BlackElo "1693"]
[PlyCount "61"]
[EventDate "2011.10.16"]
[EventType "team-tourn"]
[EventRounds "11"]
[EventCountry "FRA"]
[SourceTitle "EXT 2013"]
[Source "ChessBase"]
[SourceDate "2012.11.22"]
[SourceVersion "1"]
[SourceVersionDate "2012.11.22"]
[SourceQuality "1"]
[WhiteTeam "Clichy"]
[BlackTeam "La Membrolle Choisille"]
[WhiteTeamCountry "FRA"]
[BlackTeamCountry "FRA"]

1. e4 e6 2. d4 d5 3. e5 c5 4. c3 Nc6 5. Nf3 Qb6 6. a3 Bd7 7. Be2 Rc8 8. 0-0 Nh6 9. dxc5 Bxc5 10. b4 Be7 11. Bxh6 gxh6 12. Qd2 Qc7 13. c4 dxc4 14. Nc3 Nxe5 15. Qxh6 Ng6 16. Qg7 Bf8 17. Qd4 Rg8 18. Ne4 Be7 19. Nf6+ Bxf6 20. Qxf6 Nf4 21. Rfe1 Nxg2 22. Ng5 Bc6 23. Bh5 Rxg5 24. Rxe6+ Kf8 25. Rxc6 bxc6 26. Qxg5 Nf4 27. Bg4 Rd8 28. Re1 Ng6 29. h4 Rd5 30. Qh6+ Kg8 31. Re8+ 1-0

[Event "FRA-ch U16 Girls"]
[Site "Montlucon"]
[Date "2011.04.18"]
[Round "3"]
[White "Gennesseaux, Gabrielle"]
[Black "Monpeurt, Cyrielle"]
[Result "0-1"]
[WhiteElo "1660"]
[BlackElo "1950"]
[PlyCount "34"]
[EventDate "2011.04.17"]
[EventType "swiss"]
[EventRounds "9"]
[EventCountry "FRA"]
[SourceTitle "CBM 142 Extra"]
[Source "ChessBase"]
[SourceDate "2011.06.27"]
[SourceVersion "1"]
[SourceVersionDate "2011.06.27"]
[SourceQuality "1"]

1. e4 e5 2. Nf3 Nc6 3. Bb5 a6 4. Bxc6 dxc6 5. 0-0 Bg4 6. h3 Bh5 7. d3 Bd6 8. Be3 Nf6 9. Nbd2 Qe7 10. Qe2 0-0-0 11. Nc4 h6 12. a3 Nh7 13. b4 Ng5 14. Nxd6+ cxd6 15. Bb6 Rdf8 16. c4 Bxf3 17. gxf3 Nxh3+ 0-1